Spirit of the living God / (Record no. 4960)

MARC details
000 -LEADER
fixed length control field 00600nam a2200229Ia 4500
001 - CONTROL NUMBER
control field 12679
003 - CONTROL NUMBER IDENTIFIER
control field GBCCL
005 - DATE AND TIME OF LATEST TRANSACTION
control field 20241126110530.0
008 - FIXED-LENGTH DATA ELEMENTS--GENERAL INFORMATION
fixed length control field 800331s1960 enk b 00010 eng d
020 ## - INTERNATIONAL STANDARD BOOK NUMBER
International Standard Book Number 0851103596
035 ## - SYSTEM CONTROL NUMBER
System control number OCM06152076
040 ## - CATALOGING SOURCE
Original cataloging agency MOL
Transcribing agency MOL
Modifying agency LBB
049 ## -
-- LBBK
082 ## - DEWEY DECIMAL CLASSIFICATION NUMBER
Classification number 231.3
Item number MOR
100 10 - MAIN ENTRY--PERSONAL NAME
Personal name Morris, Leon
Dates associated with a name 1914-
9 (RLIN) 3096
245 10 - TITLE STATEMENT
Title Spirit of the living God /
Statement of responsibility, etc. Leon Morris
260 0# - PUBLICATION, DISTRIBUTION, ETC.
Place of publication, distribution, etc. London:
Name of publisher, distributor, etc. Inter-Varsity Press,
Date of publication, distribution, etc. 1972
300 ## - PHYSICAL DESCRIPTION
Extent 102 p.;
Dimensions 18 cm.
504 ## - BIBLIOGRAPHY, ETC. NOTE
Bibliography, etc. note Includes bibliographical references.
650 #0 - SUBJECT ADDED ENTRY--TOPICAL TERM
Topical term or geographic name entry element Holy Spirit
9 (RLIN) 225
942 ## - ADDED ENTRY ELEMENTS (KOHA)
Source of classification or shelving scheme Dewey Decimal Classification
Koha item type Books
Koha issues (borrowed), all copies 11
Holdings
Withdrawn status Lost status Source of classification or shelving scheme Damaged status Not for loan Home library Current Library Shelving location Date acquired Total checkouts Full call number Barcode Date last seen Date last checked out Copy number Price effective from Koha item type
    Dewey Decimal Classification     GRACE BIBLE COLLEGE GRACE BIBLE COLLEGE Theology 2018-02-15 11 231.3 MOR 002095 2025-05-01 2023-09-18 c.1 2018-02-15 Books
© Grace Bible College Library 2025